[Event "IECG TE.2006.P.02202"]
[Site "IECG email"]
[Date "2006.06.19"]
[Round "?"]
[White "Gonzalez, Alejandro Raul"]
[Black "Hupert, Leo"]
[Result "1-0"]
[WhiteElo "1940"]
[BlackElo "1500"]
[PlyCount "36"]
[EventDate "2006.06.19"]
[EventType "tourn (corr)"]
[EventRounds "2"]
[SourceTitle "Corr 2008"]
[Source "ChessBase"]
[SourceDate "2008.06.24"]
[SourceVersion "1"]
[SourceVersionDate "2008.06.24"]
[SourceQuality "1"]

1. d4 f5 2. e4 fxe4 3. Nc3 d5 4. f3 Nf6 5. fxe4 dxe4 6. Bf4 a6 7. Qd2 Nc6 8. 0-0-0 e6 9. Nge2 Bd6 10. g3 h6 11. Bg2 Ng4 12. Bxd6 e3 13. Qd3 Nf2 14. Qg6+ Kd7 15. d5 cxd6 16. dxc6+ bxc6 17. Qxg7+ Qe7 18. Bxc6+ Kxc6 1-0

[Event "IECG TE.2006.P.02110 email"]
[Site "IECG email"]
[Date "2006.03.17"]
[Round "?"]
[White "Hupert, Leo"]
[Black "Perez, Giorgio"]
[Result "0-1"]
[WhiteElo "1500"]
[BlackElo "1807"]
[PlyCount "68"]
[EventDate "2006.03.17"]
[EventType "tourn (corr)"]
[EventRounds "12"]
[SourceTitle "Corr 2024"]
[Source "ChessBase"]
[SourceDate "2023.10.19"]
[SourceVersion "1"]
[SourceVersionDate "2023.10.19"]
[SourceQuality "1"]

1. e4 c5 2. f4 d5 3. e5 Nc6 4. c3 Bf5 5. Bb5 e6 6. Qa4 Nge7 7. Nf3 a6 8. Bxc6+ Nxc6 9. d4 b5 10. Qd1 cxd4 11. cxd4 Nb4 12. Na3 Nd3+ 13. Ke2 Rc8 14. Ne1 Qh4 15. g3 Qg4+ 16. Nf3 Bxa3 17. bxa3 Be4 18. Rf1 Rc3 19. Qd2 Bxf3+ 20. Rxf3 Nxc1+ 21. Rxc1 Qxf3+ 22. Ke1 Re3+ 23. Qxe3 Qxe3+ 24. Kd1 Qxd4+ 25. Ke1 Qg1+ 26. Kd2 Qxh2+ 27. Kc3 0-0 28. Rc2 Rc8+ 29. Kb4 Qxc2 30. Ka5 Qa4+ 31. Kb6 Qxa3 32. g4 Qc5+ 33. Ka5 Rb8 34. f5 Qa3# 0-1

[Event "IECG TE.2006.P.02110 email"]
[Site "IECG email"]
[Date "2006.03.17"]
[Round "?"]
[White "Perez, Giorgio"]
[Black "Hupert, Leo"]
[Result "1-0"]
[WhiteElo "1807"]
[BlackElo "1500"]
[PlyCount "89"]
[EventDate "2006.03.17"]
[EventType "tourn (corr)"]
[EventRounds "12"]
[SourceTitle "Corr 2024"]
[Source "ChessBase"]
[SourceDate "2023.10.19"]
[SourceVersion "1"]
[SourceVersionDate "2023.10.19"]
[SourceQuality "1"]

1. e4 c5 2. f4 Nf6 3. e5 Nd5 4. d4 e6 5. c4 Nb4 6. a3 N4c6 7. d5 Nd4 8. Ne2 Nf5 9. Nbc3 d6 10. g3 Nd7 11. dxe6 fxe6 12. exd6 Bxd6 13. Bg2 Nf6 14. Nb5 0-0 15. Nxd6 Nxd6 16. 0-0 b5 17. Bxa8 bxc4 18. Nc3 Ba6 19. Re1 Nf5 20. Qxd8 Rxd8 21. Rxe6 Bc8 22. Re5 Nd4 23. Be3 Nc2 24. Rd1 Nd4 25. Rxc5 Ne2+ 26. Kf2 Rxd1 27. Rxc8+ Kf7 28. Nxd1 c3 29. Nxc3 Nxc3 30. Rxc3 h5 31. Bxa7 Ng4+ 32. Kg2 Kf6 33. Be4 Ke6 34. Bd4 Kf7 35. Rc7+ Ke6 36. Rxg7 Nf6 37. Rg6 h4 38. Rxf6+ Ke7 39. g4 Ke8 40. g5 Ke7 41. g6 h3+ 42. Kg3 Ke8 43. Rf7 Kd8 44. g7 Ke8 45. g8Q# 1-0

[Event "IECG TE.2005.P.02015"]
[Site "IECG email"]
[Date "2005.12.19"]
[Round "?"]
[White "Hupert, Leo"]
[Black "Bertel, Michael"]
[Result "0-1"]
[WhiteElo "1500"]
[BlackElo "1818"]
[PlyCount "32"]
[EventDate "2005.12.19"]
[EventType "tourn (corr)"]
[EventRounds "8"]
[SourceTitle "Corr 2008"]
[Source "ChessBase"]
[SourceDate "2008.06.24"]
[SourceVersion "1"]
[SourceVersionDate "2008.06.24"]
[SourceQuality "1"]

1. e4 e5 2. Nf3 Nc6 3. c3 d5 4. exd5 Qxd5 5. d4 Bf5 6. Nbd2 exd4 7. Bc4 Qd6 8. Ng5 Qe7+ 9. Qe2 Qxe2+ 10. Kxe2 dxc3 11. Bxf7+ Ke7 12. bxc3 h6 13. Bxg8 Rxg8 14. Ngf3 Rd8 15. Nb3 Kf6 16. Ne5 Nxe5 0-1

[Event "IECG TE.2005.P.01921"]
[Site "IECG email"]
[Date "2005.06.09"]
[Round "?"]
[White "Malmstroem, Jan"]
[Black "Hupert, Leo"]
[Result "1-0"]
[WhiteElo "2022"]
[BlackElo "1500"]
[PlyCount "45"]
[EventDate "2005.06.09"]
[EventType "tourn (corr)"]
[EventRounds "8"]
[SourceTitle "Corr 2008"]
[Source "ChessBase"]
[SourceDate "2008.06.24"]
[SourceVersion "1"]
[SourceVersionDate "2008.06.24"]
[SourceQuality "1"]

1. d4 d5 2. e4 dxe4 3. Nc3 f5 4. f3 a6 5. fxe4 Nc6 6. d5 Ne5 7. Qd4 Qd6 8. exf5 Bxf5 9. Bf4 Nf6 10. Bxe5 Qb6 11. Qxb6 cxb6 12. 0-0-0 g6 13. Nf3 Bh6+ 14. Kb1 0-0 15. d6 exd6 16. Rxd6 Ne4 17. Bc4+ Rf7 18. Nxe4 Bxe4 19. Rd7 Rc8 20. Bxf7+ Kf8 21. Bd6+ Kg7 22. Bd5+ Kf6 23. Rf7# 1-0